[Event "EYg18"]
[Site "Budva YUG"]
[Date "2003.09.20"]
[Round "7"]
[White "Haecker,S"]
[Black "Tuvic,N"]
[Result "1-0"]
[WhiteElo "1985"]
[BlackElo "2009"]

1.e4 c5 2.Nf3 e6 3.d4 cxd4 4.Nxd4 Nc6 5.Nc3 Qc7 6.g3 a6 7.Bg2 d6 8.O-O Bd7
9.Be3 Nf6 10.f4 h5 11.h3 Be7 12.Qe2 Na5 13.Rad1 Nc4 14.Bc1 Rc8 15.Kh1 b5
16.b3 Nb6 17.Bb2 b4 18.Nb1 e5 19.fxe5 dxe5 20.Nf5 Bb5 21.Qe3 Bxf1 22.Rxf1 Nbd7
23.Nxg7+ Kf8 24.Nf5 Rg8 25.Nd2 Rg6 26.Nf3 Bc5 27.Qe2 Bb6 28.N3h4 Rg8 29.Qd2 Bc5
30.Bf3 Ke8 31.Qd1 Qc6 32.Qe2 Kd8 33.Rd1 Kc7 34.c3 bxc3 35.Bxc3 Kb8 36.Bb2 Qe6
37.Qd2 Nb6 38.Kh2 Rcd8 39.Qc2 Rxd1 40.Bxd1 Rc8 41.Qd3 Nbd7 42.Be2 Kb7 43.Nf3 Rg8
44.a3 Ne8 45.b4 Ba7 46.Qc3 Qb6 47.Qe1 Nef6 48.Nxe5 Nxe5 49.Bxe5 Qe6 50.Bf4 Qa2
51.Kh1 Bb8 52.e5 Nd7 53.Bf3+ Kc8 54.Ne7+ Kd8 55.Nxg8 Qxa3 56.Bxh5 Ba7 57.Qd2 Qa1+
58.Qc1 Qd4 59.Bf3 Qd3 60.Bg2 Qd4 61.Bg5+ f6 62.Nxf6 Nxf6 63.Bxf6+ Ke8 64.Qc6+ Kf7
65.Qd5+  1-0

[Event "EYb14"]
[Site "Budva YUG"]
[Date "2003.09.20"]
[Round "7"]
[White "Sanikidze,T"]
[Black "Lapcevic,M"]
[Result "1-0"]
[WhiteElo "2250"]
[BlackElo "2119"]

1.e4 c5 2.Nf3 e6 3.d4 cxd4 4.Nxd4 Nc6 5.Nc3 Qc7 6.Be3 a6 7.Bd3 Nf6 8.O-O h5
9.h3 b5 10.a3 Bb7 11.Qe2 Rc8 12.f4 h4 13.Qf2 Nxd4 14.Bxd4 Bc5 15.e5 Nh5 16.Bxc5 Qxc5
17.Be4 Qxf2+ 18.Rxf2 Bc6 19.Bxc6 Rxc6 20.Ne4 Ke7 21.Rd1 Rc4 22.Rfd2 d5 23.exd6+ Kd7
24.Re1 Nxf4 25.b3 Rc6 26.Rf1 e5 27.b4 f6 28.Nc5+ Kd8 29.Rfd1 Rb6 30.c3 Rf8
31.a4 bxa4 32.Nxa4 Rc6 33.Nc5 Rb6 34.Ra1 Rf7 35.Rxa6 Rxa6 36.Nxa6 e4 37.Nc5  1-0

[Event "zt 2.5"]
[Site "Asuncion PAR"]
[Date "2003.09.21"]
[Round "7"]
[White "Zacarias,M"]
[Black "Peralta,E"]
[Result "0-1"]
[WhiteElo "1966"]
[BlackElo "2279"]

1.e4 c5 2.Nf3 Nc6 3.d4 cxd4 4.Nxd4 e6 5.Nc3 Qc7 6.Be2 a6 7.O-O Nf6 8.f4 Nxd4
9.Kh1 Nxe2 10.Qxe2 b5 11.a3 Bb7 12.Bd2 Be7 13.Rad1 d5 14.e5 Ne4 15.Nxe4 dxe4
16.Bc3 g6 17.Bd4 Rc8 18.c3 Qc4 19.Qe3 Rd8 20.g4 h5 21.f5 hxg4 22.f6 Bf8 23.Bb6 Rd3  0-1

[Event "CXIII ch-ARM"]
[Site "Yerevan ARM"]
[Date "2003.09.21"]
[Round "6"]
[White "Mkrtchian,L"]
[Black "Yegiazarian,A"]
[Result "1-0"]
[WhiteElo "2413"]
[BlackElo "2524"]

1.e4 c5 2.Nf3 Nc6 3.d4 cxd4 4.Nxd4 e6 5.Nc3 a6 6.Be2 Nge7 7.Nb3 Ng6 8.O-O Be7
9.Be3 O-O 10.f4 b5 11.Qe1 d6 12.Rd1 Bd7 13.Kh1 Rb8 14.Qf2 Qc7 15.Rd2 b4 16.Na4 Nd8
17.Nb6 Bb5 18.Na5 Nb7 19.Nac4 f5 20.exf5 Rxf5 21.Bd3 Rf7 22.a4 Bc6 23.Qe1 Rbf8
24.Kg1 Nh4 25.Bd4 Nd8 26.Qg3 g6 27.b3 Nf5 28.Bxf5 Rxf5 29.Ne3 Rh5 30.Nbc4 Be4
31.Bb2 Nf7 32.Ng4 d5 33.Nce3 Nh6 34.Nxh6+ Rxh6 35.Qg4 Qc6 36.Bd4 Rh5 37.Rdf2 h6
38.Qd1 Kh7 39.Qg4 Qd6 40.Qd1 Bh4 41.Be5 Bxf2+ 42.Rxf2 Qc6 43.Qd4 a5 44.Qa7+  1-0

[Event "3rd ch-Euro Senior"]
[Site "Saint Vincent ITA"]
[Date "2003.09.22"]
[Round "6"]
[White "Bakhmatov,E"]
[Black "Taimanov,M"]
[Result "1/2-1/2"]
[WhiteElo "2311"]
[BlackElo "2407"]

1.e4 c5 2.Nf3 e6 3.d4 cxd4 4.Nxd4 Nc6 5.Nc3 a6 6.Be3 Qc7 7.Qd2 Nf6 8.f3 Be7
9.O-O-O b5 10.g4 d6 11.g5 Nd7 12.Bd3 Nde5 13.f4 Nxd4 14.Bxd4 Nf3 15.Qf2 Nxd4
16.Qxd4 O-O 17.h4 Qa7 18.Ne2 Bd7 19.Qxa7 Rxa7 20.Rdf1 f6 21.Rhg1 Rc7 22.f5 Rc5
23.Nd4 exf5 24.Nxf5  1/2-1/2

[Event "zt 2.4 w"]
[Site "Sao Paulo BRA"]
[Date "2003.09.22"]
[Round "5"]
[White "Delai,P"]
[Black "Chang,S1"]
[Result "0-1"]
[WhiteElo "2066"]
[BlackElo "2140"]

1.e4 c5 2.Nf3 e6 3.d4 cxd4 4.Nxd4 Nc6 5.Nc3 Qc7 6.Be3 a6 7.Be2 b5 8.O-O Nf6
9.a3 Bb7 10.f4 Rc8 11.Nb3 d6 12.Bf3 Be7 13.g4 h6 14.Bg2 h5 15.h3 hxg4 16.hxg4 g5
17.fxg5 Nh7 18.Qd2 Nf8 19.Qf2 Ne5 20.Rad1 Rh7 21.Qg3 Nfg6 22.Nd4 Nc4 23.Bc1 Qb6
24.Rf2 Qc5 25.b3 Qe5 26.Qxe5 Ncxe5 27.Nce2 Nxg4 28.Rff1 N6e5 29.Bf4 Rg7 30.Ng3 Bxg5
31.Nh5 Rg8 32.Bxg5 Rxg5 33.Nf6+ Ke7 34.Nxg4 Rxg4 35.Kf2 Bxe4 36.Bxe4 Rxe4
37.Rg1 Rh4 38.Rg3 Rh2+ 39.Ke3 Rc3+ 40.Kf4 Rf2+  0-1

[Event "3rd ch-Euro Senior"]
[Site "Saint Vincent ITA"]
[Date "2003.09.25"]
[Round "9"]
[White "Tseitlin,Ma"]
[Black "Joksic,S"]
[Result "0-1"]
[WhiteElo "2456"]
[BlackElo "2253"]

1.e4 c5 2.Nf3 e6 3.Nc3 Nc6 4.d4 cxd4 5.Nxd4 Qc7 6.Be3 a6 7.a3 Nf6 8.f4 Nxd4
9.Qxd4 Ng4 10.Qb6 Bd6 11.e5 Nxe3 12.Qxe3 Bc5 13.Qg3 Bd4 14.Ne4 Bxb2 15.Qxg7 Rf8
16.Rd1 Bxa3 17.Nf6+ Kd8 18.Bd3 Qb6 19.Ke2 Kc7 20.Nxh7 Rd8 21.Ng5 Rf8 22.h4 Qd4
23.Rhf1 b5 24.Bxb5 Qc5 25.Bd3 Bb7 26.g3 a5 27.h5 a4 28.Rb1 Bc6 29.h6 Qd4
30.h7 Bc5 31.f5 a3 32.fxe6 Qe3+ 33.Kd1 a2 34.Ra1 Bb4  0-1

[Event "2nd League TCh-SCG"]
[Site "Belgrade SCG"]
[Date "2003.09.27"]
[Round "1"]
[White "Dimitrijevic,A"]
[Black "Andrijevic,M"]
[Result "1/2-1/2"]
[WhiteElo "2383"]
[BlackElo "2375"]

1.e4 c5 2.Nf3 Nc6 3.d4 cxd4 4.Nxd4 e6 5.Nc3 Qc7 6.Be3 a6 7.Be2 Nf6 8.O-O Bb4
9.Na4 Be7 10.Nxc6 bxc6 11.Nb6 Rb8 12.Nxc8 Qxc8 13.e5 Nd5 14.Bd4 c5 15.c4 cxd4
16.cxd5 Qc5 17.Bf3 Rxb2 18.Rc1 Qb6 19.Rc8+ Bd8 20.dxe6 fxe6 21.Be4 O-O 22.Qh5 g6
23.Bxg6 hxg6 24.Qxg6+ Kh8 25.Qh6+ Kg8 26.Qg6+ Kh8 27.g4 d3 28.Qh6+ Kg8 29.Qg6+ Kh8
30.Qh6+ Kg8 31.Qg6+ Kh8  1/2-1/2

[Event "12th Monarch Assurance"]
[Site "Port Erin IOM"]
[Date "2003.09.27"]
[Round "1"]
[White "Moes,W"]
[Black "Gordon,S"]
[Result "0-1"]
[WhiteElo "2027"]
[BlackElo "2216"]

1.e4 c5 2.Nf3 e6 3.d4 cxd4 4.Nxd4 Nc6 5.Nc3 d6 6.Be2 Nf6 7.O-O Be7 8.Be3 O-O
9.Nb3 a6 10.a4 Na5 11.Nd4 Qc7 12.Qd3 Bd7 13.b4 Rfc8 14.bxa5 Qxc3 15.Rfb1 Qxa5
16.Rxb7 Qd8 17.f3 Rc7 18.Qb3 e5 19.Nf5 Bxf5 20.exf5 d5 21.Rd1 Qc8 22.Bxa6 Rc3
23.Rxe7 Rxa6 24.Qb7 Qxb7 25.Rxb7 h6 26.Bd2 Rxc2 27.a5 e4 28.Kf2 d4 29.fxe4 Nxe4+
30.Ke2 Rxa5 31.Kd3 Rxd2+ 32.Rxd2 Nxd2 33.Kxd2 Rxf5  0-1

[Event "Osen II"]
[Site "Alushta UKR"]
[Date "2003.09.28"]
[Round "2"]
[White "Bakre,T"]
[Black "Rogovski,V"]
[Result "1/2-1/2"]
[WhiteElo "2434"]
[BlackElo "2474"]

1.e4 c5 2.Nf3 e6 3.d4 cxd4 4.Nxd4 Nc6 5.Nc3 Qc7 6.Nb3 Nf6 7.Bd3 a6 8.f4 d6
9.Qf3 b5 10.Be3 Bb7 11.O-O-O Be7 12.Kb1 O-O-O 13.h3 Nd7 14.Qf2 Nb4 15.Bf1 Nc5
16.Nxc5 dxc5 17.Rxd8+ Rxd8 18.a3 Nc6 19.Bxc5 Bxc5 20.Qxc5 Qxf4 21.a4 Qe5
22.Qxe5 Nxe5 23.axb5 axb5 24.Bxb5 Rd2 25.Rg1 h5 26.Kc1 Rf2 27.Nd1 Rf4 28.Bd3 Nxd3+
29.cxd3 f5 30.Kd2 fxe4 31.Ke3 e5 32.d4 Rf5 33.dxe5 Rxe5 34.Nc3 Rg5 35.Nxe4 Bxe4
36.Kxe4 Rg3 37.Kd5 Kb7 38.Kc5 h4 39.b4 Rg5+ 40.Kd4 Kb6  1/2-1/2

[Event "12th Monarch Assurance"]
[Site "Port Erin IOM"]
[Date "2003.09.28"]
[Round "2"]
[White "Moreno Carnero,J"]
[Black "Al Modiahki,M"]
[Result "1/2-1/2"]
[WhiteElo "2512"]
[BlackElo "2574"]

1.e4 c5 2.Nf3 e6 3.d4 cxd4 4.Nxd4 Nc6 5.Nc3 Qc7 6.Be3 a6 7.Qd2 Nf6 8.O-O-O Bb4
9.f3 Ne5 10.Nb3 b5 11.Kb1 Be7 12.Qf2 Bb7 13.Bb6 Qb8 14.Bd4 Nc6 15.Be3 d6
16.g4 Nd7 17.g5 Qc7 18.h4 Nce5 19.Rg1 b4 20.Na4 Nxf3 21.Qxf3 Bc6 22.Bd4 e5
23.Bc4 Rf8 24.Nb6 Nxb6 25.Bxb6 Qxb6 26.Rgf1 O-O-O 27.Qf5+ Kb8 28.Qxh7 Qc7
29.Rxf7 Rxf7 30.Bxf7 Bxg5 31.Bc4 Bh6 32.Bxa6 Rf8 33.Bc4 Be8 34.Rf1 Bf4 35.Bd5 Bb5
36.Rg1 Be3 37.Rh1 Rc8 38.Rh2 Rf8 39.Rh1 Rc8 40.Rh2 Bd3 41.Na1 Rf8 42.Rh1 Rc8
43.Rh2 Rf8  1/2-1/2

[Event "ECC"]
[Site "Rethymnon GRE"]
[Date "2003.09.28"]
[Round "1"]
[White "Yemelin,V"]
[Black "Dal Borgo,A"]
[Result "1-0"]
[WhiteElo "2550"]
[BlackElo "2224"]

1.e4 c5 2.Nf3 e6 3.d4 cxd4 4.Nxd4 Nc6 5.Nc3 a6 6.Be2 Qc7 7.O-O b5 8.Nxc6 Qxc6
9.e5 Bb7 10.Bf3 Qc7 11.Bf4 Ne7 12.Bxb7 Qxb7 13.Qe2 Ng6 14.Bg3 Be7 15.Rad1 O-O
16.Rd3 Rfd8 17.Rfd1 Rac8 18.Ne4 Rc4 19.Nd6 Bxd6 20.Rxd6 Rc6 21.Rxc6 Qxc6
22.c3 Rc8 23.Qd3 Rc7 24.Qd6 Qxd6 25.Rxd6 Ra7 26.f4 Kf8 27.Bf2 Ra8 28.Rxd7 Nxf4
29.Bc5+ Kg8 30.Kf2 Nd5 31.g4 h6 32.Kf3 Rc8 33.Bd4 Rc6 34.Rd6 Ne7 35.Rd8+ Kh7
36.Rd7 Nd5 37.Rxf7 b4 38.cxb4 Nxb4 39.a3 Nd5 40.Rd7  1-0

[Event "ECC"]
[Site "Rethymnon GRE"]
[Date "2003.09.28"]
[Round "1"]
[White "Benderac,S"]
[Black "Horvath,Jo1"]
[Result "0-1"]
[WhiteElo "2345"]
[BlackElo "2519"]

1.e4 c5 2.Nf3 e6 3.d4 cxd4 4.Nxd4 Nc6 5.Nc3 Qc7 6.Be2 a6 7.O-O Nf6 8.Kh1 d6
9.f4 Be7 10.Be3 O-O 11.Qe1 Nxd4 12.Bxd4 b5 13.a3 Bb7 14.Qg3 Rad8 15.Rae1 Rd7
16.Bd3 Re8 17.Qh3 e5 18.Bg1 Bd8 19.Re3 Rde7 20.Rg3 exf4 21.Rxf4 Re5 22.Bd4 Bc8
23.Qh6 Nh5 24.Rxg7+ Nxg7 25.Nd5 R8e6 26.Qxe6 Nxe6 27.Rg4+ Rg5  0-1

[Event "ECC"]
[Site "Rethymnon GRE"]
[Date "2003.09.28"]
[Round "1"]
[White "Gulbas,C"]
[Black "Korchnoi,V"]
[Result "0-1"]
[WhiteElo "2340"]
[BlackElo "2628"]

1.e4 c5 2.Nf3 e6 3.d4 cxd4 4.Nxd4 Nc6 5.Nc3 d6 6.g3 Bd7 7.Bg2 Nf6 8.Ndb5 Qb8
9.a4 Be7 10.O-O a6 11.Na3 Qc7 12.Qe2 O-O 13.h3 d5 14.exd5 exd5 15.Bg5 Be6
16.Rad1 d4 17.Bxf6 Bxf6 18.Ne4 Be7 19.Nc4 Rfe8 20.b3 Rad8 21.Nb2 Nb4 22.Rc1 f5
23.Nd2 Bg5 24.Qd1 Na2 25.f4 Nxc1 26.Qxc1 Bf6 27.Re1 Bf7 28.Nd3 Rxe1+ 29.Nxe1 Qc3  0-1

[Event "ECC"]
[Site "Rethymnon GRE"]
[Date "2003.09.28"]
[Round "1"]
[White "Nedev,T"]
[Black "Mastrokoukos,G"]
[Result "1-0"]
[WhiteElo "2480"]
[BlackElo "2363"]

1.e4 c5 2.Nf3 Nc6 3.Nc3 e6 4.d4 cxd4 5.Nxd4 Nf6 6.Nxc6 bxc6 7.e5 Nd5 8.Ne4 Qa5+
9.c3 f5 10.exf6 Nxf6 11.Nxf6+ gxf6 12.Be2 Ba6 13.O-O Bxe2 14.Qxe2 Bg7 15.Rd1 Rd8
16.Bf4 O-O 17.Bd6 Rf7 18.Rd3 Bf8 19.b4 Qb6 20.Rad1 Bxd6 21.Rxd6 a5 22.Qd2 axb4
23.cxb4 Qa6 24.Rxe6 Ra8 25.Re2 d5 26.Rde1 Kg7 27.Qc3 Qc4 28.Qg3+ Kf8 29.Qd6+ Kg7
30.Re7 Rf8 31.Qg3+ Kh6 32.R7e6 Qxb4 33.f4 Qc5+ 34.Kh1 d4 35.R6e5 Qc2 36.Rg5 Qg6
37.Rxg6+ hxg6 38.f5 g5 39.Qd6  1-0

[Event "ECC"]
[Site "Rethymnon GRE"]
[Date "2003.09.29"]
[Round "2"]
[White "Fressinet,L"]
[Black "Heissler,J"]
[Result "1-0"]
[WhiteElo "2640"]
[BlackElo "2449"]

1.e4 c5 2.Nf3 e6 3.Nc3 Nc6 4.d4 cxd4 5.Nxd4 Qc7 6.Be3 a6 7.Qd2 Nf6 8.O-O-O Bb4
9.f3 Ne5 10.Nb3 b5 11.Bd4 Be7 12.Qg5 Ng6 13.Qg3 Bd6 14.Qf2 Bxh2 15.g4 Bf4+
16.Kb1 h6 17.Ne2 Be5 18.Bxe5 Qxe5 19.Bg2 Rb8 20.f4 Qc7 21.Bf3 d6 22.f5 Ne5
23.g5 Ng8 24.Nbd4 Qc5 25.Qg3 exf5 26.gxh6 g6 27.exf5 Ne7 28.fxg6 fxg6 29.Nc3 Bf5
30.Ne4 Bxe4 31.Bxe4 Qc8 32.Qg5 Rb6 33.Qf6 Rh7 34.Ne6  1-0

[Event "ECC Women"]
[Site "Rethymnon GRE"]
[Date "2003.09.30"]
[Round "3"]
[White "Makka,I"]
[Black "Peng Zhaoqin"]
[Result "0-1"]
[WhiteElo "2275"]
[BlackElo "2438"]

1.e4 c5 2.Nf3 e6 3.d4 cxd4 4.Nxd4 Nc6 5.Nc3 Qc7 6.g3 a6 7.Bg2 Bc5 8.Nxc6 dxc6
9.Qg4 Kf8 10.O-O e5 11.Qe2 Nf6 12.Bg5 Qe7 13.Nd1 h6 14.Bd2 Bg4 15.Qe1 Kg8
16.Ne3 Kh7 17.Nxg4 Nxg4 18.Qe2 Nf6 19.Kh1 Rhe8 20.Bh3 Bd4 21.Rab1 Kg8 22.Bf5 Rad8
23.h4 g6 24.Bh3 Kg7 25.Ba5 b6 26.Bd2 a5 27.c3 Bc5 28.Rbd1 b5 29.Qf3 Rd6 30.Bc1 Red8
31.Rxd6 Qxd6 32.Bg2 Qe6 33.Kg1 Rd6 34.b3 b4 35.c4 Qg4 36.Qxg4 Nxg4 37.Bf3 Nxf2
38.Rxf2 Rd3 39.Kg2 Bxf2 40.Kxf2 Rc3 41.Bd2 Rc2 42.Ke3 Rxa2 43.Bd1 Ra1 44.Ke2 h5
45.c5 Kf6 46.Bc2 Ke6 47.Bd3 f6 48.Bc4+ Ke7 49.Be1 Kd7 50.Bf7 Ke7 51.Bc4 Ra2+
52.Kd1 Rg2 53.Bf1 Rh2 54.Bc4 f5 55.Bd3 f4 56.gxf4 exf4 57.Be2 Ke6 58.Bc4+ Ke5
59.Bf7 Kxe4 60.Bxg6+ Ke3 61.Bxh5 Ra2 62.Bxb4 axb4 63.Be8 Rd2+  0-1

[Event "Tatry Open"]
[Site "Tatranske Zruby SVK"]
[Date "2003.09.30"]
[Round "5"]
[White "Forman,S"]
[Black "Mrva,Mart"]
[Result "0-1"]
[WhiteElo "2252"]
[BlackElo "2470"]

1.e4 c5 2.Nf3 e6 3.d4 cxd4 4.Nxd4 Nc6 5.Nc3 a6 6.Be3 Nf6 7.Be2 Be7 8.O-O O-O
9.f4 d6 10.Bf3 Bd7 11.g4 Nxd4 12.Bxd4 Bc6 13.Bg2 Nd7 14.Be3 b5 15.g5 Re8
16.Qh5 Bf8 17.Rad1 g6 18.Qh3 Qc7 19.f5 Ne5 20.Bd4 b4 21.fxg6 fxg6 22.Ne2 Qb7
23.Rf4 Bb5 24.Nc1 Rac8 25.Nd3 Nxd3 26.Rxf8+ Kxf8 27.e5 d5 28.cxd3 Kg8 29.Bf3 Qe7
30.Bg4 Qxg5  0-1

[Event "Tatry Open"]
[Site "Tatranske Zruby SVK"]
[Date "2003.09.30"]
[Round "5"]
[White "Recky,N"]
[Black "Krajnak,M"]
[Result "0-1"]
[WhiteElo "2114"]
[BlackElo "2269"]

1.e4 c5 2.Nf3 Nc6 3.d4 cxd4 4.Nxd4 e6 5.Nc3 Nf6 6.Bg5 a6 7.Qd2 Bb4 8.Nxc6 bxc6
9.e5 h6 10.exf6 hxg5 11.fxg7 Rg8 12.a3 Qa5 13.Rb1 Bxc3 14.Qxc3 Qxc3+ 15.bxc3 Rxg7
16.Bd3 Kd8 17.Kd2 Kc7 18.Rb4 a5 19.Ra4 d5 20.c4 c5 21.cxd5 exd5 22.Bb5 c4
23.Rb1 Be6 24.Kc3 Kd6 25.Kd4 Rh7 26.h3 Rh4+ 27.Ke3 Kc5 28.c3 Rhh8  0-1

[Event "2nd League TCh-SCG"]
[Site "Belgrade SCG"]
[Date "2003.10.01"]
[Round "5"]
[White "Nikolic,Sa1"]
[Black "Zivanic,M"]
[Result "0-1"]
[WhiteElo "2284"]
[BlackElo "2415"]

1.e4 c5 2.Nf3 e6 3.d4 cxd4 4.Nxd4 Nc6 5.Nc3 Qc7 6.Be2 a6 7.O-O Nf6 8.Kh1 h5
9.f4 Nxd4 10.Qxd4 b5 11.e5 Ng4 12.Ne4 Bb7 13.Bd3 Rc8 14.Be3 Qc6 15.Rf3 Qd5
16.Qb6 Qc6 17.Qd4 Be7 18.Bg1 Nh6 19.Nd6+ Bxd6 20.exd6 Qxf3  0-1

[Event "2nd League TCh-SCG"]
[Site "Belgrade SCG"]
[Date "2003.10.01"]
[Round "5"]
[White "Dimitrijevic,A"]
[Black "Smolovic,M"]
[Result "1-0"]
[WhiteElo "2383"]
[BlackElo "2388"]

1.e4 c5 2.Nf3 e6 3.d4 cxd4 4.Nxd4 Nc6 5.Nc3 a6 6.Be3 Nf6 7.Nxc6 bxc6 8.e5 Nd5
9.Bd2 Qb6 10.Qf3 Qxb2 11.Rb1 Qa3 12.Nxd5 cxd5 13.Bd3 Be7 14.O-O O-O 15.Rb3 Qa4
16.Bxh7+ Kxh7 17.Qh5+ Kg8 18.Rh3 f6 19.Qh7+ Kf7 20.Rg3 Ke8 21.Rxg7 Qa3 22.Rb1 Kd8
23.h4 a5 24.Rb3 Qc5 25.Rc3 Qd4 26.Be3 Qd1+ 27.Kh2 d4 28.Rd3 Qxc2 29.Rxe7 fxe5
30.Rxe6 dxe3 31.Qe7+ Kc7 32.Qd6+ Kb7 33.Qb6+  1-0

[Event "ECC"]
[Site "Rethymnon GRE"]
[Date "2003.10.01"]
[Round "4"]
[White "Gagunashvili,M"]
[Black "Horvath,Jo1"]
[Result "1/2-1/2"]
[WhiteElo "2577"]
[BlackElo "2519"]

1.e4 c5 2.Nf3 e6 3.d4 cxd4 4.Nxd4 Nc6 5.Nc3 Qc7 6.Be3 Nf6 7.Bd3 Nxd4 8.Bxd4 Bc5
9.Bxc5 Qxc5 10.Qe2 d6 11.Bb5+ Ke7 12.O-O a6 13.Bd3 b5 14.a3 Bb7 15.Kh1 h5  1/2-1/2

[Event "7th Itau Cup"]
[Site "Sao Paulo BRA"]
[Date "2003.10.01"]
[Round "5"]
[White "Da Mata,L"]
[Black "Dumont,S"]
[Result "0-1"]
[WhiteElo "2131"]
[BlackElo "2342"]

1.e4 c5 2.Nf3 e6 3.d4 cxd4 4.Nxd4 Nc6 5.Nc3 Qc7 6.Be3 a6 7.Bd3 Nf6 8.h3 b5
9.a3 Bb7 10.O-O Ne5 11.Qe2 Bc5 12.Rae1 d6 13.Kh1 Qb6 14.f4 Bxd4 15.Bxd4 Qxd4
16.fxe5 Qxe5 17.Nd5 exd5 18.Bxb5+ Kf8 19.Rf5 Qe6 20.Ba4 Nxe4 21.Rf3 g6 22.Bb3 Re8
23.Kg1 Kg7 24.c4 dxc4 25.Bxc4 d5 26.Ba2 Qb6+ 27.Kh2 Ng5 28.Re3 Rxe3 29.Qxe3 Qxe3
30.Rxe3 Rd8  0-1

[Event "2nd League TCh-SCG"]
[Site "Belgrade SCG"]
[Date "2003.10.02"]
[Round "6"]
[White "Bosnic,M"]
[Black "Zivanic,M"]
[Result "0-1"]
[WhiteElo "2171"]
[BlackElo "2415"]

1.e4 c5 2.Nf3 e6 3.d4 cxd4 4.Nxd4 Nc6 5.Nc3 Qc7 6.g3 a6 7.Bg2 Nf6 8.O-O h6
9.a4 Nxd4 10.Qxd4 Bc5 11.Qd3 O-O 12.Kh1 d6 13.f4 Bd7 14.Qe2 Bd4 15.Nd1 Bc6
16.c4 b5 17.axb5 axb5 18.Rxa8 Bxa8 19.Be3 Bxe3 20.Nxe3 bxc4 21.Nxc4 Bxe4
22.Bxe4 Nxe4 23.Qxe4 d5 24.Qe2 dxc4 25.Rc1 Rc8 26.Rc3 Qb7+ 27.Kg1 Qb4 28.Qc2 Rd8
29.Qe2 Rd4 30.Rc2 Qd6 31.Kg2 Qd5+ 32.Qf3 Rd3 33.Qxd5 exd5 34.Re2 f6 35.Kf2 Kf7
36.Kg2 Rb3 37.Kf2 h5 38.f5 Rd3 39.Kg2 Rd1 40.Kf2 g6 41.fxg6+ Kxg6 42.h3 Kf5
43.Kf3 Rd3+ 44.Kf2 Rb3 45.Kg2 d4 46.Kf2 d3 47.Rd2 Ke4 48.g4 hxg4 49.hxg4 Kf4  0-1

[Event "2nd League TCh-SCG"]
[Site "Belgrade SCG"]
[Date "2003.10.02"]
[Round "6"]
[White "Knezevic,B"]
[Black "Milanovic,Da"]
[Result "1/2-1/2"]
[WhiteElo "2403"]
[BlackElo "2451"]

1.e4 c5 2.Nf3 Nc6 3.Nc3 e6 4.d4 cxd4 5.Nxd4 Nf6 6.a3 d6 7.Be2 Be7 8.O-O O-O
9.Be3 a6 10.f4 Bd7 11.Qe1 Nxd4 12.Bxd4 Bc6 13.Qg3 g6 14.Bf3 Nd7 15.Rad1 Qc7
16.f5 e5 17.Be3 Kh8 18.Qh3 Rg8 19.Kh1 g5 20.g4 Nf6 21.Qh6 Rg7 22.h4 Ng8 23.Qh5 Nf6
24.Qh6 Ng8 25.Qh5  1/2-1/2

[Event "ECC"]
[Site "Rethymnon GRE"]
[Date "2003.10.02"]
[Round "5"]
[White "Ulucan,T"]
[Black "Ekeberg,C"]
[Result "0-1"]
[WhiteElo "2103"]
[BlackElo "2226"]

1.e4 c5 2.Nf3 Nc6 3.Nc3 e6 4.d4 cxd4 5.Nxd4 Nf6 6.Ndb5 d6 7.Bf4 e5 8.Bg5 a6
9.Bxf6 gxf6 10.Na3 b5 11.Nd5 Bg7 12.g3 f5 13.exf5 Bxf5 14.Bg2 O-O 15.O-O Be6
16.c3 Rb8 17.Nc2 a5 18.f4 f5 19.Kh1 Qd7 20.Qd2 e4 21.a3 Qf7 22.Rad1 Kh8 23.Nce3 b4
24.axb4 axb4 25.Ra1 bxc3 26.bxc3 Rb5 27.Rfd1 Rfb8 28.Ra2 Na5 29.Bf1 Nb3 30.Qc2 Rxd5
31.Nxd5 Bxd5 32.c4 Bc6 33.Rb1 e3+ 34.Bg2 Qb7 35.Ra3 Bxg2+ 36.Qxg2 Qxg2+ 37.Kxg2 e2
38.Kf2 Bc3 39.Kxe2 Nd4+ 40.Kd3 Rxb1 41.Kxc3 Rd1 42.Ra7 Kg8 43.Rd7 Ne6 44.Kc2 Rd4
45.Kc3 Rd3+ 46.Kxd3 Nc5+ 47.Kd4 Nxd7 48.Kd5 Nb6+ 49.Kxd6 Nxc4+ 50.Ke6 Ne3
51.Kf6 Kf8 52.h3 Kg8 53.Kg5 Kg7 54.g4 h6+ 55.Kh5 Ng2 56.gxf5 Nxf4+ 57.Kg4 Nd5
58.Kf3 Kf6 59.Ke4 Ne7 60.Kf4 Nxf5 61.Kg4 Kg6 62.Kf4 h5 63.Kf3 Kg5 64.Kg2 Kh4
65.Kh2 Ne3  0-1

[Event "ECC"]
[Site "Rethymnon GRE"]
[Date "2003.10.02"]
[Round "5"]
[White "Jones,Ri"]
[Black "Kiik,K"]
[Result "0-1"]
[WhiteElo "2063"]
[BlackElo "2439"]

1.e4 c5 2.Nf3 e6 3.d4 cxd4 4.Nxd4 Nc6 5.Nc3 d6 6.Be3 Nf6 7.Bc4 a6 8.Qe2 Qc7
9.Bb3 Na5 10.O-O-O b5 11.Bg5 Be7 12.Rhe1 Nxb3+ 13.axb3 Bb7 14.b4 O-O 15.Nb3 Rac8
16.Na5 Ba8 17.Qd3 d5 18.e5 Ne4 19.Bxe7 Qxe7 20.Nxe4 dxe4 21.Qg3 Qxb4 22.Nb3 Bd5
23.Re3 Rc7 24.Nd4 Rfc8 25.Ra3 Rc4 26.Qe3 Qc5 27.Rd2 Bb7 28.f4 b4 29.Ra1 g6
30.g4 Rd8 31.Nf5 Rxd2  0-1

[Event "ECC"]
[Site "Rethymnon GRE"]
[Date "2003.10.02"]
[Round "5"]
[White "Babula,V"]
[Black "Navara,D"]
[Result "1-0"]
[WhiteElo "2550"]
[BlackElo "2608"]

1.e4 c5 2.Nf3 e6 3.d4 cxd4 4.Nxd4 Nc6 5.Nc3 a6 6.Be2 d6 7.O-O Nf6 8.Be3 Be7
9.a4 O-O 10.f4 Qc7 11.Kh1 Re8 12.Bd3 Nb4 13.a5 Bd7 14.Nf3 Rac8 15.Bb6 Qb8
16.Bd4 Bc6 17.Qe1 Nd7 18.Qg3 Bf8 19.Qh3 Nxd3 20.cxd3 Nc5 21.f5 f6 22.fxe6 Nxe6
23.Qg3 d5 24.Be5 fxe5 25.exd5 e4 26.Qxb8 Rxb8 27.dxe4 Nc5 28.dxc6 bxc6 29.Nd4 Rxb2
30.Rab1 Rxb1 31.Rxb1 Nxe4 32.Nxe4 c5 33.Re1 cxd4 34.Nf6+ gxf6 35.Rxe8 Kf7
36.Rd8 Bb4 37.Rxd4 Bxa5 38.Ra4 Bc3 39.Rxa6 Bd4 40.g3 h5 41.Kg2 Kg6 42.Kf3 Be5
43.h3 Bc7 44.Ra8 Bd6 45.Rd8 Bc7 46.Rc8 Be5 47.Ra8 Bd6 48.Rg8+ Kf7 49.Rd8 Bb4
50.Kf4 Kg6 51.Rd3 Bc5 52.Ke4 Bb4 53.Kd5 Kf7 54.Rb3 Be1 55.Rf3 Bb4 56.Rf1 Bc3
57.Rb1 Be5 58.Rb3 Ba1 59.Rb7+ Kg6 60.Ke6 Be5 61.Rb3 Kg5 62.Rf3 Kg6 63.Re3 Bb8
64.Ra3 Be5 65.h4 Bb2 66.Ra8 Kg7 67.Kf5 Be5 68.Ra7+ Kh6 69.Ra3 Kg7 70.Rb3 Kh6
71.Re3 Bd4 72.Re6 Kg7 73.Re7+ Kh6 74.Rf7 Be3 75.Rxf6+ Kg7 76.Rg6+ Kh7 77.Re6 Bd2
78.Re7+ Kh6 79.Rc7 Be3 80.Rc2 Kg7 81.Ke4 Bh6 82.Rc7+  1-0

[Event "ECC"]
[Site "Rethymnon GRE"]
[Date "2003.10.03"]
[Round "6"]
[White "Palac,M"]
[Black "Heissler,J"]
[Result "1-0"]
[WhiteElo "2561"]
[BlackElo "2449"]

1.e4 c5 2.Nf3 e6 3.d4 cxd4 4.Nxd4 Nc6 5.Nc3 Qc7 6.f4 a6 7.Be2 b5 8.Nxc6 Qxc6
9.Bf3 Bb7 10.Be3 Rc8 11.O-O Bc5 12.Qd3 b4 13.Ne2 Bxe3+ 14.Qxe3 Ne7 15.c3 bxc3
16.Nxc3 O-O 17.Rac1 Qc7 18.Rfd1 Ng6 19.g3 Bc6 20.Nd5 Qb7 21.Nb6 Rb8 22.Nc4 Qa8
23.Rc3 Rb5 24.b3 Ne7 25.Ne5 Rxe5 26.fxe5 Ng6 27.Qd4 Rb8 28.Rc5 a5 29.Qc3 Rb4
30.a3 Rb5 31.Rxb5 Bxb5 32.Qc5 Bc6 33.b4 axb4 34.axb4 Qa3 35.Bg2 h5 36.Rc1 Qa4
37.h4 Qb3 38.Qc3 Qa4 39.Ra1 Qb5 40.Ra5 Qe2 41.Bf3  1-0

[Event "ECC"]
[Site "Rethymnon GRE"]
[Date "2003.10.03"]
[Round "6"]
[White "Heberla,B"]
[Black "Horvath,Ad"]
[Result "1/2-1/2"]
[WhiteElo "2420"]
[BlackElo "2503"]

1.e4 c5 2.Nf3 e6 3.d4 cxd4 4.Nxd4 Nc6 5.Nc3 Qc7 6.Be2 a6 7.O-O Nf6 8.Be3 d6
9.f4 Be7 10.Kh1 O-O 11.Qe1 Nxd4 12.Bxd4 b5 13.e5 dxe5 14.fxe5 Nd7 15.Ne4 Bb7
16.Nf6+ Nxf6 17.exf6 Bxf6 18.Rxf6 gxf6 19.Qh4  1/2-1/2

[Event "ECC"]
[Site "Rethymnon GRE"]
[Date "2003.10.04"]
[Round "7"]
[White "Sax,G"]
[Black "Goloshchapov,A"]
[Result "1/2-1/2"]
[WhiteElo "2521"]
[BlackElo "2574"]

1.e4 c5 2.Nf3 Nc6 3.d4 cxd4 4.Nxd4 e6 5.Nc3 Qc7 6.Be3 a6 7.Qd2 Nf6 8.O-O-O Bb4
9.f3 Ne5 10.Nb3 b5 11.Kb1 Nc4 12.Bxc4 bxc4 13.Nd4 Rb8 14.Ka1 O-O 15.g4 d6
16.a3 Ba5  1/2-1/2

[Event "7th Itau Cup"]
[Site "Sao Paulo BRA"]
[Date "2003.10.04"]
[Round "8"]
[White "Gomez Baillo,J"]
[Black "Chang,S1"]
[Result "1-0"]
[WhiteElo "2429"]
[BlackElo "2140"]

1.e4 c5 2.Nc3 e6 3.Nf3 Nc6 4.d4 cxd4 5.Nxd4 Qc7 6.Be2 a6 7.O-O Nf6 8.Be3 b5
9.Nxc6 dxc6 10.f4 Bb7 11.e5 Nd5 12.Nxd5 cxd5 13.Bd4 g6 14.c3 Bc5 15.a4 Qb6
16.axb5 axb5 17.Bxc5 Qxc5+ 18.Qd4 Rc8 19.Qxc5 Rxc5 20.Ra7 Bc6 21.Rfa1 O-O
22.Rc7 h5 23.Kf2 Rb8 24.Ke3 d4+ 25.cxd4 Rc2 26.Bd3 Rxb2 27.Rxc6 Rxg2 28.Rc2 Rg4
29.Ra7 Rh4 30.Rcc7 Rxh2 31.Rxf7  1-0

[Event "zt 2.3"]
[Site "Guayaquil ECU"]
[Date "2003.10.07"]
[Round "3"]
[White "Mendoza,Raf"]
[Black "Mieles Palau,D"]
[Result "1/2-1/2"]
[WhiteElo "2382"]
[BlackElo "2468"]

1.e4 c5 2.Nf3 Nc6 3.Nc3 e6 4.d4 cxd4 5.Nxd4 Nf6 6.a3 d6 7.Be2 Be7 8.O-O O-O
9.Be3 a6 10.f4 Qc7 11.Kh1 Rd8 12.Qe1 d5 13.e5 Nd7 14.Bd3 Nf8 15.Qf2 Rb8 16.Nce2 f6
17.Nf3 b5 18.Ned4 Bd7 19.Rae1 f5 20.b4 Nxd4 21.Nxd4 g6 22.Nb3 Be8 23.Nc5 Qc6
24.Bd4 Nd7 25.Nb3 Nb6 26.Ra1 Na4 27.c3 h5 28.Rac1 Kg7 29.Rc2 Bf7 30.Qg3 Rh8
31.h4 Kh7 32.Nd2 Rhc8 33.Nf3 Kh6 34.Ng5 Be8 35.Qf2 Rb7 36.Rfc1 Qd7 37.Nf3 Qd8
38.g3 Qd7  1/2-1/2

[Event "Arctic Cup u16"]
[Site "Salekhard RUS"]
[Date "2003.10.07"]
[Round "4"]
[White "Michielsen,J"]
[Black "Demin,V1"]
[Result "1/2-1/2"]
[WhiteElo "2218"]
[BlackElo "2345"]

1.e4 c5 2.Nf3 e6 3.d4 cxd4 4.Nxd4 Nc6 5.Nc3 Qc7 6.Be2 a6 7.O-O Nf6 8.Be3 Bb4
9.Na4 O-O 10.c4 Bd6 11.f4 Nxe4 12.Bf3 Nf6 13.g3 Be7 14.c5 Nb4 15.Qb3 Nbd5
16.Nf5 exf5 17.Bxd5 Nxd5 18.Qxd5 d6 19.Nb6 Rb8 20.cxd6 Qxd6 21.Qxd6 Bxd6
22.Rfd1 Be7 23.Nd5 Bd8 24.Bc5 Re8 25.Bd6 Ra8 26.Nc7 Bxc7 27.Bxc7 Be6 28.a3 Rac8
29.Rac1 h6 30.Be5 Rxc1 31.Rxc1 Rd8 32.Bc3 Rd3 33.Kf2 Kh7 34.Re1 h5 35.h4 Rd7
36.Re3 Kg6 37.Re1 Bc4 38.Re3 Bd3 39.Re1 Be4 40.Re3 f6  1/2-1/2